Регионална библиотека "Любен Каравелов" - Русе

Наръчник за транспорт на земни маси и на строителни материали (Запис номер 381875)

MARC детайли
000 -Лидер
Контролно поле с фиксирана дължина nam a22 a 4500
003 - Код на организацията, давaща контролен номер
Контролно поле BLK
005 - Дата и час на последна редакция
Контролно поле 20200813085352.0
008 - Елементи от данни с фиксирана дължина
fixed length control field 202008b bul|||||r ||||||| ||bul||
040 ## - Източник на каталожния запис
Идентификатор на билиотеката - собственик на записа BLK
041 ## - Код за език
Код за езика на текст/звукозапис или на отделно заглавие Български
Код за езика КДБФ Български
080 ## - УДК
Текстов определител УДК Индустриално строителство
УДК код - определител по УДК 69.057
УДК определител .7/8(02)
УДК - код + определител 69.057.7/8(02)
100 1# - Редна дума - Автор
Автор Влахов, Георги Хр.
Авторска отговорност Първи автор
R(LIN) 426966
139 ## - Редно поле
Редна дума Влахов, Георги Хр.
245 10 - Сведения за заглавието
Заглавие Наръчник за транспорт на земни маси и на строителни материали
Редно поле (дума) Георги Хр. Влахов.
250 ## - Област на изданието
Сведения за изданието 2. прераб. изд.
257 ## - Страна на издаване
Страна на създаване/издаване България
260 ## - Област на издателските данни
Място на издаване, разпространение и проч. София
Име на издателя, разпространителя и проч. Техника
Година на издаване 1970
Печатница Ст. Загора : ОП Печат
300 ## - Физическа характеристика
Страници 151 с.
Илюстрации и др. с черт.
Размери/Мащаб 18 см
380 ## - Жанр
Жанр Техника
490 1# - СЕРИИ (Колекции)
Име на серия Библиотека М-во на строежите
№: серия 3
500 ## - Общи забележки
Забележка 1 775 тир.
650 #0 - Допълнително описание по предмет – тема
9 (RLIN) 271488
Основно описание – тема или топоним Строителни работи
653 #7 - Ключова дума – ненормативна
9 (RLIN) 198586
Ключова дума транспорт
852 ## - Местоположение
Форматна сигнатура Цб І 11514
Фондова буква Хранилище
999 ## - СИСТЕМНИ КОНТРОЛНИ НОМЕРА
Koha biblionumber 381875
Koha biblioitemnumber 381875
942 ## - АРТИКУЛИ
Вид на библиотечния материал Книги
Скрит в OPAC Не
Периодичен библиозапис Да
944 ## - СЪЗДАВАНЕ И РЕДАКЦИЯ на ЗАПИСА
Създаване/Редакция Създаване
Дата на регистрацията/редакция 2020-08-13
Служител, извършил регистрацията/редакцията Микаела Микова - Илиева
999 ## - СИСТЕМНИ КОНТРОЛНИ НОМЕРА
Koha biblioitemnumber 381875
999 ## - СИСТЕМНИ КОНТРОЛНИ НОМЕРА
Koha biblioitemnumber 438899
Наличности
Код за отписване Код за изгубен артикул Източник на класификационната схема Код за повреда Коз за рестрикции Код за отдаване Артикулен № Име на библиотеката - собственик Име на библиотеката, в която се намира в момента Статус (Текущо местоположение) Дата на вписване в системата Местоположение - отдел Цена в лева Инвентарен номер Систематично азбучна сигнатура Баркод Цена в евро Служебен тип на артикула
  Не е изгубен Universal Decimal Classification Не е повреден само за читалня ползва се в читалня 791139 Регионална библиотека "Любен Каравелов" Русе Регионална библиотека "Любен Каравелов" Русе Хранилище 2020-08-14 Хранилище 0.30 70657 Цб І 11514 120000070657 0.15 Книги
Vip Innovations Ltd, Rousse, Bulgaria 2025